00506nam a2200157Ia 450000500170000000800410001708200130005810000150007124500350008626000380012130000130015950000560017294200060022895200990023499900150033320250318025432.0240331s9999 xx 000 0 und d bKESa894 aKesavan, K 0aThamil siru kathaikalil uruvam aShivagangaibAgaram pvt Ltdc1988 a151 p ., aTamil sirukadhaiyin vadiva amaippu patrippesum nool cL 001040708LaWERCLbWERCLcSSCd2024-03-31l0o 894.811 KESp1641r2024-03-31w2024-03-31yL c3817d3817